000 00442cam a2200181ua 4500
041 _aeng
_h
082 _a666
_bSIN/IN
100 _aSinger, Felix .
245 _aIndustrial ceramics /
_cFelix singer.
_hTextual Documents
250 _a1 /
_b.
260 _aLondon :
_bChapman and Hall Ltd ,
_c1963.
300 _a1455 ; .
500 _a**Reference
504 _a
700 1 _aSinger, Sonja S .
942 _cBK
999 _c7901
_d7901